[Event "Regionalliga SW 9697"]
[Site "Bayern"]
[Date "1997.??.??"]
[Round "?"]
[White "Naeimi Omran, Ashkan"]
[Black "Stubenrauch, Bruno"]
[Result "1/2-1/2"]
[WhiteElo "1800"]
[BlackElo "1980"]
[PlyCount "131"]
[EventDate "1996.10.??"]
[EventType "team-tourn"]
[EventRounds "9"]
[EventCountry "GER"]
[SourceTitle "EXT 1999"]
[Source "ChessBase"]
[SourceDate "1998.11.16"]
[SourceVersion "1"]
[SourceVersionDate "1998.11.16"]
[SourceQuality "1"]
[WhiteTeam "Pasing II"]
[BlackTeam "Kriegshaber SK"]
[WhiteTeamCountry "GER"]
[BlackTeamCountry "GER"]

1. e4 e5 2. Nf3 Qe7 3. Bc4 d6 4. Nc3 c6 5. h3 h6 6. 0-0 Nf6 7. d4 g5 8. Nh2 Bg7 9. dxe5 dxe5 10. a3 Nbd7 11. b4 Nf8 12. Be3 Ne6 13. Bxe6 Qxe6 14. Qd3 0-0 15. Ne2 Nh5 16. Rad1 Re8 17. Qd2 Qg6 18. f3 f5 19. exf5 Qf7 20. g4 Nf4 21. Nxf4 gxf4 22. Bf2 Bf6 23. Qe1 b6 24. Rd6 Ba6 25. Bh4 Bd8 26. Rg6+ Kh7 27. Bxd8 Raxd8 28. Rf2 Qd5 29. Kg2 Rd7 30. g5 hxg5 31. Rxg5 Rg8 32. Rxg8 Kxg8 33. Ng4 Rg7 34. Rd2 Qc4 35. Rd8+ Kf7 36. Rd7+ Kf8 37. Rd8+ Ke7 38. Qd1 Qf1+ 39. Kh2 Qxd1 40. Rxd1 Rg5 41. f6+ Ke6 42. Re1 Bc4 43. f7 Ke7 44. Nxe5 Bxf7 45. Ng6+ Kf6 46. Nxf4 c5 47. c3 cxb4 48. cxb4 a5 49. h4 Rg8 50. Rd1 Kf5 51. Nh3 axb4 52. axb4 Rh8 53. Kg3 Rg8+ 54. Ng5 Bc4 55. Rd7 b5 56. Rc7 Ra8 57. Rc5+ Kg6 58. Ne4 Ra4 59. Nd6 Rxb4 60. Nxc4 bxc4 61. Kf2 c3 62. h5+ Kh6 63. Ke3 c2 64. Kd2 Rf4 65. Ke3 Ra4 66. Rxc2 1/2-1/2

[Event "Regionalliga SW 9697"]
[Site "Bayern"]
[Date "1996.??.??"]
[Round "?"]
[White "Roell, Horst"]
[Black "Stubenrauch, Bruno"]
[Result "1/2-1/2"]
[WhiteElo "1910"]
[BlackElo "1980"]
[PlyCount "89"]
[EventDate "1996.10.??"]
[EventType "team-tourn"]
[EventRounds "9"]
[EventCountry "GER"]
[SourceTitle "EXT 1999"]
[Source "ChessBase"]
[SourceDate "1998.11.16"]
[SourceVersion "1"]
[SourceVersionDate "1998.11.16"]
[SourceQuality "1"]
[WhiteTeam "Tuerkheim"]
[BlackTeam "Kriegshaber SK"]
[WhiteTeamCountry "GER"]
[BlackTeamCountry "GER"]

1. d4 Nf6 2. c4 e6 3. Nf3 b6 4. Nc3 Bb4 5. Bg5 h6 6. Bxf6 Bxc3+ 7. bxc3 Qxf6 8. e3 0-0 9. Be2 d6 10. 0-0 Nc6 11. Qa4 Bb7 12. Rfd1 Rfd8 13. Ne1 Na5 14. Bf3 Bxf3 15. Nxf3 Qe7 16. Rab1 Rac8 17. Nd2 Qd7 18. Qxd7 Rxd7 19. e4 Rcd8 20. f3 c5 21. d5 e5 22. Kf2 Rf8 23. Ke3 f5 24. Kd3 g6 25. Re1 Kf7 26. Nb3 Nxb3 27. axb3 a5 28. Ra1 Ke7 29. Re2 Ra7 30. Rea2 Rfa8 31. Ra4 Kd7 32. b4 Kc7 33. bxc5 bxc5 34. Rb1 f4 35. h4 Ra6 36. Rb5 R6a7 37. Ke2 Kd7 38. Kf2 Ke7 39. g4 fxg3+ 40. Kxg3 Kf6 41. Rb6 Ra6 42. Rb5 h5 43. f4 R8a7 44. Kf3 Ra8 45. Ke3 1/2-1/2

[Event "Regionalliga SW 9596"]
[Site "Bayern"]
[Date "1995.??.??"]
[Round "?"]
[White "Albeker, Mark"]
[Black "Stubenrauch, Bruno"]
[Result "1-0"]
[WhiteElo "1970"]
[BlackElo "1945"]
[PlyCount "37"]
[EventDate "1995.10.??"]
[EventType "team-tourn"]
[EventRounds "9"]
[EventCountry "GER"]
[SourceTitle "EXT 1999"]
[Source "ChessBase"]
[SourceDate "1998.11.16"]
[SourceVersion "1"]
[SourceVersionDate "1998.11.16"]
[SourceQuality "1"]
[WhiteTeam "Haunstetten"]
[BlackTeam "Kriegshaber SK"]
[WhiteTeamCountry "GER"]
[BlackTeamCountry "GER"]

1. d4 Nf6 2. c4 e6 3. Nc3 Bb4 4. g3 0-0 5. Bg2 Bxc3+ 6. bxc3 d6 7. Nf3 c5 8. 0-0 Qc7 9. dxc5 dxc5 10. Bf4 Qa5 11. Qb3 Nc6 12. Ne5 Nd8 13. Rfd1 Nh5 14. Be3 Nf6 15. Qb5 Qxc3 16. Bxc5 Re8 17. Ng4 Nd7 18. Rac1 a6 19. Qxd7 1-0

[Event "Regionalliga SW 9495"]
[Site "Bayern"]
[Date "1995.??.??"]
[Round "?.5"]
[White "Stubenrauch, Bruno"]
[Black "Schmidt, Volker2222"]
[Result "1/2-1/2"]
[WhiteElo "1990"]
[BlackElo "1775"]
[PlyCount "153"]
[EventDate "1994.10.??"]
[EventType "team-tourn"]
[EventRounds "9"]
[EventCountry "GER"]
[SourceTitle "EXT 1999"]
[Source "ChessBase"]
[SourceDate "1998.11.16"]
[SourceVersion "1"]
[SourceVersionDate "1998.11.16"]
[SourceQuality "1"]
[WhiteTeam "Kriegshaber SK"]
[BlackTeam "Heimertingen"]
[WhiteTeamCountry "GER"]
[BlackTeamCountry "GER"]

1. e4 d5 2. Nc3 d4 3. Nce2 e5 4. Nf3 Nc6 5. Ng3 Be6 6. Bb5 Bd6 7. Bxc6+ bxc6 8. d3 f6 9. 0-0 Ne7 10. Bd2 0-0 11. Nh4 Qd7 12. b3 g5 13. Nf3 h6 14. c3 c5 15. cxd4 cxd4 16. Qc2 Rf7 17. Be1 Raf8 18. Nd2 f5 19. exf5 Nxf5 20. Nde4 Nxg3 21. Nxg3 Bd5 22. Bd2 Kg7 23. Rae1 Kg6 24. Qd1 Rf3 25. Bc1 h5 26. Ne4 Bxe4 27. Rxe4 R3f7 28. Qd2 Qe7 29. Qa5 c5 30. Qd2 Rf4 31. Qe2 R4f7 32. Qe1 Qf6 33. Re2 Qf5 34. Re4 Qf6 35. Qd2 Qf5 36. h4 Be7 37. hxg5 Bxg5 38. Qxg5+ Qxg5 39. Bxg5 Kxg5 40. Rxe5+ Rf5 41. Rxf5+ Kxf5 42. Rc1 Rc8 43. Rc4 Ke5 44. Kf1 a5 45. g3 Kd5 46. Rc2 Re8 47. Re2 Rg8 48. Re7 a4 49. Re2 axb3 50. axb3 Ra8 51. Rb2 Rb8 52. Kg2 Re8 53. b4 c4 54. dxc4+ Kxc4 55. Rc2+ Kxb4 56. Rc7 d3 57. Rd7 Kc3 58. Rc7+ Kd2 59. Kf1 Re1+ 60. Kg2 Ke2 61. Re7+ Kd1 62. Rh7 d2 63. Rxh5 Kc2 64. Rc5+ Kb3 65. Rd5 d1Q 66. Rxd1 Rxd1 67. Kf3 Kc4 68. Ke4 Kc5 69. Ke5 Kc6 70. Ke6 Kc7 71. Ke7 Rd3 72. g4 Rf3 73. g5 Rxf2 74. g6 Re2+ 75. Kf7 Kd7 76. g7 Rf2+ 77. Kg6 1/2-1/2

[Event "Regionalliga SW 9495"]
[Site "Bayern"]
[Date "1994.??.??"]
[Round "?.4"]
[White "Louis, Peter"]
[Black "Stubenrauch, Bruno"]
[Result "1-0"]
[WhiteElo "2075"]
[BlackElo "1990"]
[PlyCount "117"]
[EventDate "1994.10.??"]
[EventType "team-tourn"]
[EventRounds "9"]
[EventCountry "GER"]
[SourceTitle "EXT 1999"]
[Source "ChessBase"]
[SourceDate "1998.11.16"]
[SourceVersion "1"]
[SourceVersionDate "1998.11.16"]
[SourceQuality "1"]
[WhiteTeam "Obermenzing"]
[BlackTeam "Kriegshaber SK"]
[WhiteTeamCountry "GER"]
[BlackTeamCountry "GER"]

1. d4 Nf6 2. Nf3 c6 3. c4 Qc7 4. Nc3 d6 5. Bg5 Nbd7 6. e4 e5 7. Be2 h6 8. Bh4 Be7 9. 0-0 g5 10. Bg3 Nh5 11. Kh1 Nf4 12. Qd2 Nf8 13. c5 N8g6 14. cxd6 Bxd6 15. Rad1 0-0 16. dxe5 Bxe5 17. Nxe5 Qxe5 18. Bc4 Qa5 19. Qd4 Qe5 20. Qd6 Kg7 21. f3 Qxd6 22. Rxd6 Re8 23. Rfd1 Ne5 24. Bb3 Nfg6 25. Kg1 Be6 26. Bxe6 Rxe6 27. b3 Rxd6 28. Rxd6 Re8 29. Ne2 Re6 30. Rd8 Re7 31. Nd4 Rd7 32. Nf5+ Kh7 33. Rxd7 Nxd7 34. Nd6 b5 35. Nxf7 c5 36. Nd6 a6 37. Kf1 Ne7 38. Ke2 Nc6 39. Kd2 Kg6 40. Bf2 Nce5 41. Nb7 c4 42. bxc4 Nxc4+ 43. Kc3 Nce5 44. a3 Nc6 45. Nc5 Nxc5 46. Bxc5 h5 47. Bd4 Kf7 48. g3 Kg6 49. f4 gxf4 50. gxf4 Kh6 51. Kd3 Kg6 52. Bc3 Kh6 53. e5 a5 54. Ke4 b4 55. axb4 axb4 56. Bb2 Kg6 57. f5+ Kg5 58. e6 b3 59. f6 1-0